L'un ne va pas sans l'autre #3 - Statistiques

Statistiques générales
  • Ce quiz a été pris 290 fois
  • Le résultat moyen est 6 sur 15
Statistiques - réponses
Les uns Les autres % Correct
Jerry Tom
93%
Bonnie Clyde
90%
Dupond Dupont
90%
Éric Ramzy
88%
Pumbaa Timon
64%
A / T / C G
38%
Hispaniola / Jamaïque Cuba
35%
Majorque / Ibiza / Formentera Minorque
33%
Bactéries / Champignons / Plantes Animaux
26%
Hokkaido / Honshu / Shikoku Kyushu
13%
Elbrouz / Everest / Aconcagua / Puncak Jaya / Vinson Kilimandjaro
12%
Conquête / Guerre / Mort Famine
7%
Voûtés / à Poutres / En Arc / à Haubans Suspendus
4%
Alex Steve
1%
Ajouan / Grande Comore Mohéli
0%
Aucun quiz correspondant
Distribution des résultats
% des personnes avec chaque résultat
Percentile par nombre de réponses
Votre historique - résultats
Vous n’avez pas pris ce quiz